| 000 | 00000nam 2200000zi 4500 |
| 001 | 9.903166 |
| 003 | CaOODSP |
| 005 | 20230602104622 |
| 006 | m o d f |
| 007 | cr cn||||||||| |
| 008 | 210909t20212021onca ob f000 0 fre d |
| 020 | |a9780660402864 |
| 040 | |aCaOODSP|bfre|erda|cCaOODSP |
| 043 | |an-cn--- |
| 086 | 1 |aFs70-6/2021-043F-PDF |
| 245 | 00|aAvis scientifique sur les traitements et les protocoles « Lavez, videz, séchez et décontaminez » pour prévenir l'introduction et la propagation des espèces aquatiques envahissantes. |
| 246 | 17|aTraitements « Lavez, videz, séchez et décontaminez » pour prévenir l'introduction et la propagation des espèces aquatiques envahissantes |
| 264 | 1|aOttawa, Ontario : |bSecrétariat canadien de consultation scientifique : |bPêches et océans Canada, Centre des avis scientifiques (CAS), Région de la capitale nationale, |c2021. |
| 264 | 4|c©2021 |
| 300 | |a1 ressource en ligne (19 pages) : |billustrations. |
| 336 | |atexte|btxt|2rdacontent/fre |
| 337 | |ainformatique|bc|2rdamedia/fre |
| 338 | |aressource en ligne|bcr|2rdacarrier/fre |
| 490 | 1 |aAvis scientifique, |x1919-5117 ; |v2021/043 |
| 500 | |aTitre de départ. |
| 500 | |a« Décembre 2021. » |
| 500 | |aPublié aussi en anglais sous le titre : Science Advice on “Clean, Drain, Dry and Decontaminate” treatments and protocols to prevent the introduction and spread of aquatic invasive species. |
| 504 | |aComprend des références bibliographiques. |
| 520 | |a« Pour prévenir l'introduction et la propagation des espèces aquatiques envahissantes (EAE), de nombreuses organisations gouvernementales et non gouvernementales mènent des programmes « Lavez, videz et séchez » (LVS). Les procédures LVS sont des pratiques de gestion exemplaires établies qui ciblent le grand public et les propriétaires ou conducteurs de bateaux, de remorques et d'équipement utilisés dans l'eau et à proximité de l'eau. Ces programmes exigent que les conducteurs d'embarcations entreprennent des étapes de lavage, de vidange et de séchage afin de réduire le risque de transporter des EAE sur leur équipement. Dans les situations où le risque de transport d'EAE est plus élevé, une étape de décontamination supplémentaire peut être appliquée (LVS+D). La décontamination comprend généralement des traitements chimiques ou thermiques qui peuvent varier selon l'espèce ou la maladie ciblée » -- Contexte, page [1]. |
| 650 | 6|aOrganismes aquatiques introduits|xLutte contre|zCanada. |
| 650 | 6|aOrganismes aquatiques introduits|zCanada|xGestion. |
| 650 | 6|aBateaux|xEntretien et réparations. |
| 710 | 2 |aSecrétariat canadien de consultation scientifique, |eorganisme de publication. |
| 710 | 1 |aCanada. |bMinistère des pêches et des océans. |bRégion de la capitale nationale, |eorganisme de publication. |
| 775 | 08|tScience Advice on “Clean, Drain, Dry and Decontaminate” treatments and protocols to prevent the introduction and spread of aquatic invasive species.|w(CaOODSP)9.903167 |
| 830 | #0|aAvis scientifique (Secrétariat canadien de consultation scientifique)|x1919-5117 ; |v2021/043.|w(CaOODSP)9.502624 |
| 856 | 40|qPDF|s592 Ko|uhttps://publications.gc.ca/collections/collection_2022/mpo-dfo/fs70-6/Fs70-6-2021-043-fra.pdf |